000
00211nam a22000857a 4500
999
_c
11435
_d
11435
008
190521b ||||| |||| 00| 0 eng d
020
_a
9780099546689
100
_9
7166
_a
SCHAMA SIMON
245
_a
THE STORY OF THE JEWS